Stolice Oceanii - Statystyki

Ogólne statystyki
  • Ten quiz został rozwiązany 17 razy
  • Średni wynik to 9 z 14
Odpowiedzi na mapie
Odpowiedzi zakodowano w zielono-czerwonej skali na mapie do tego quizu, zgodnie z poniższymi procentami.
 
Statystyki odpowiedzi
Państwo Stolica % Poprawnych
Australia Canberra
93%
Nowa Zelandia Wellington
93%
Wyspy Salomona Honiara
73%
Papua-Nowa Gwinea Port Moresby
73%
Fidżi Suva
73%
Tonga Nuku'alofa
60%
Mikronezja Palikir
60%
Vanuatu Port Vila
60%
Nauru Yaren
60%
Samoa Apia
53%
Tuvalu Funafuti
53%
Palau Ngerulmud
53%
Wyspy Marshalla Majuro
47%
Kiribati Tarawa
40%
Nie znaleziono quizów pasujących do podanych kryteriów
Rozkład punktacji
Procent ludzi z każdym wynikiem
Percentyl według liczby udzielonych odpowiedzi
Twoja historia wyników
Nie rozwiązałeś tego quizu